00713nam a2200157 i 4500001000700000003000900007005001700016008004100033100004600074245013700120260002900257300002100286650003300307650002700340852018800367189619ES-MaACL20230906223520.0190703q1863 fr |||| | fre d1 aBeguyer de Chancourtois, Alexandre-Emile.10aApplication du réseau pentagonal a la coordination des sources de pétrole et des dépots bitumineux / c[E.B. de Chancourtois]. a[Paris : bs.n., c1863] a20 p. ; c27 cm. 4aProyección cartográfica. 4aPetroleo-xGeología. aES-MaACLjL-32451(5) z- Enc. cart. z. - Legado Federico de Botella y de Hornos z- Enc. en un vol. facticio, con tít. en el lomo de: Rapport sur les progrés de la stratigraphie